000 00664nam a2200241Ia 4500
003 OSt
005 20220924115255.0
006 a|||||r|||| 00| 0
007 ta
008 220923b |||||||| |||| 00| 0 urd d
020 _c10.00
024 _a315048
037 _cTextual
040 _aARTS
_cARTS
_burd
041 _2urd
_aurd
082 _aO168,1N26,1, M1
100 _aDehalvi Mohammad Yaseen Sadiq
_9177511
245 0 _aShams-o-muhabbat
260 _aDelhi
_bAnjuman Taraqqi Urdu India
_c1981
650 _aURDU POETRY
942 _hO168,1N26,1, M1
_cTEXL
_2CC
999 _c397560
_d397560